| 000 | 00813cam a2200277 a 4500 | ||
|---|---|---|---|
| 999 |
_c1628 _d1628 |
||
| 001 | 4191081 | ||
| 003 | OSt | ||
| 005 | 20210629081559.0 | ||
| 008 | 830512s1980 enka b 001 0 eng | ||
| 010 | _a 80040423 | ||
| 020 | _a0122324501 | ||
| 040 |
_aDLC _cDLC _dDLC |
||
| 050 | 0 | 0 |
_aQP281 _b.E4 1980 |
| 060 | _aWQ205 E256c | ||
| 082 | 0 | 0 |
_a612/.62 _219 |
| 100 | 1 |
_aEdwards, R. G. _q(Robert Geoffrey), _d1925-2013. |
|
| 245 | 1 | 0 |
_aConception in the human female / _cby Robert G. Edwards. |
| 260 |
_aLondon ; _aNew York : _bAcademic Press, _c1980. |
||
| 300 |
_axvi, 1087 p. : _bill. ; _c26 cm. |
||
| 504 | _aIncludes bibliographies and index. | ||
| 650 | 0 | _aConception. | |
| 650 | 2 | _aFertilization. | |
| 650 | 2 | _aReproduction. | |
| 906 |
_a7 _bcbc _corignew _d1 _eocip _f19 _gy-gencatlg |
||
| 942 |
_2lcc _cBK _nSO |
||